00539nam a2200181 a 4500001001300000003000900013005001700022008004100039020001000080082001700090100003000107245007100137260005500208300000900263500003500272650002000307700003000327nice12345678IN_TiNIC20260116013840.0070709s1994 newa grp 000 0 eng  ac80000a297.821bAMI aAmir-Moezzi, Mohammad Ali aDivine Guide in Early Shi`ismbThe Sources of Esotericism in Islam aNew YorkbState University of New York Pressc1994 a279p aincludes index and biblioraphy aShiah-Doctrines1 aAmir-Moezzi, Mohammad Ali